LEADER 01227nam a2200289 u 4500 001 000000030100 003 CaOOAMICUS 005 20070226112005.0 008 970904s1970 it u000 u ita u 035 $a10768535 040 $aPUL(R)$bita 041 1 $aita$heng 100 1 $aDodd, Charles Harold,$d1884-1973.$0(OLS)http://pul/name/662 240 10$aAuthority of the Bible.$lItaliano.$0(OLS)http://pul/title/41317 245 12$aL'autorità della Bibbia /$cCharles Harold Dodd ; edizione italiana a cura di Antonio Ornella. 260 $ $bBrescia :$bPaideia,$c1970. 300 $a304 p. ;$c21 cm 490 1 $aBiblioteca di cultura religiosa ;$v21 630 04$aBiblia$xCritica e interpretazione.$0(OLS)http://pul/subject/2023 700 1 $aOrnella, Antonio.$0(OLS)http://pul/name/663 830 0$aBiblioteca di cultura religiosa (Paideia) ;$v21.$0(OLS)http://pul/title/98 850 $aPUL 852 $aPUL$W1$xSL Religione 1$y3$m1 B 5$j41603$nBK-PRI$b $qStampati$B41603$CPULBib$Z2$F41603 $H $81 941 1 $a8 961 $aINV: 35517 996 $6245$aL'autorità della Bibbia$9(OLS)http://pul/title/41318 996 $6260$ :$bBrescia :$bPaideia$9(OLS)http://pul/publisher/60552 LEADER 01397nam a2200313 u 4500 001 000000074406 003 CaOOAMICUS 005 20070226122446.0 008 021206s1999 gw u000 u eng u 020 $a3161471040 035 $a10947631 040 $aPUL$bita 100 1 $aPorter, Stanley E.,$d1956-$0(OLS)http://pul/name/49342 245 14$aThe Paul of the Acts :$bessays in literary criticism, rhethoric, and theology /$cStanley E. Porter. 260 $aTübingen :$bMohr Siebeck,$c1999. 300 $aix, 233 p. ;$c24 cm 490 1 $aWissenschaftliche Untersuchungen zum Neuen Testament ;$v115 500 $aComprende indici. 504 $aBibliografia: p. [207]-211. 600 04$aPaulus,$cs., apostolo.$0(OLS)http://pul/subject/417 630 04$aBiblia.$pN.T.$pActus apostolorum.$0(OLS)http://pul/subject/8256 830 0$aWissenschaftliche Untersuchungen zum Neuen Testament ;$v115.$0(OLS)http://pul/title/8628 850 $aPUL 852 $aPUL$W1$xSL Religione 1$y3$m16 H 115$j95974$nBK-PRI$b $qStampati$B95974$CPULBib$Z2$F95974 $H $81 941 1 $a8 961 $aINV: 89237 996 $6020$a3161471040$9(OLS)http://pul/number/96469 996 $6245$aThe Paul of the Acts :$bessays in literary criticism, rhethoric, and theology$9(OLS)http://pul/title/97698 996 $6260$aTübingen :$bMohr Siebeck$9(OLS)http://pul/publisher/52004